| 000 | 00510nam a22001937a 4500 | ||
|---|---|---|---|
| 003 | OSt | ||
| 005 | 20151028113847.0 | ||
| 008 | 130307t xxu||||| |||| 00| 0 eng d | ||
| 020 | _a1400021049 | ||
| 050 |
_aPC 2129 _b.H488 2004 |
||
| 082 | _aIB 448.2421 | ||
| 100 | _aHeminway, Annie | ||
| 245 |
_aUltimate french : _bbeginner - intermediate _cHeminway, Annie |
||
| 260 |
_aNew York _bLiving Language/Random House _c2004 |
||
| 300 |
_a428 p. ; _c23 cm. |
||
| 562 | _e1 | ||
| 942 |
_2lcc _cBK |
||
| 999 |
_c2124 _d2124 |
||